[Event "Kadetska liga - dekleta"]
[Site "Nova Gorica"]
[Date "2019.05.25"]
[Round "2"]
[White "Ferfole, Anja"]
[Black "Kralj, Nika"]
[Result "0-1"]
[WhiteElo "1561"]
[BlackElo "1841"]
[PlyCount "80"]
[EventDate "2019.05.25"]

1. e4 g6 2. Nc3 Bg7 3. Nge2 d6 4. d3 Nf6 5. Bg5 Nc6 6. Bxf6 Bxf6 7. g3 Bg4 8.
Bg2 Nd4 9. e5 Bxe5 10. Bxb7 Rb8 11. Bg2 Rxb2 12. Rc1 Nxc2+ 13. Rxc2 Bxc3+ 14.
Kf1 Bg7 15. f3 Bd7 16. Rxb2 Bxb2 17. Qb1 Bg7 18. Kf2 O-O 19. Rc1 c5 20. Rc4 Qa5
21. Qc2 Rb8 22. d4 Bb5 23. Rc3 c4 24. f4 e6 25. Re3 d5 26. Bf1 Ba4 27. Qc1 Rb4
28. Kf3 Qb6 29. Qd2 Rb1 30. Bh3 Rb2 31. Qd1 Bxd1 32. Bf1 Bxd4 33. Ra3 c3 34.
Kg2 Bxe2 35. Bxe2 Rxe2+ 36. Kf3 Rf2+ 37. Kg4 Rxh2 38. Kg5 h6+ 39. Kg4 f5+ 40.
Kf3 Rf2# 0-1

[Event "Kadetska liga - dekleta"]
[Site "Nova Gorica"]
[Date "2019.05.25"]
[Round "2"]
[White "Petauer, Ana Marija"]
[Black "Sinur, Zarja"]
[Result "1-0"]
[WhiteElo "1468"]
[BlackElo "1414"]
[PlyCount "69"]
[EventDate "2019.05.25"]

1. e4 c5 2. Nc3 e6 3. g3 Nf6 4. Bg2 c4 5. d3 d5 6. dxc4 Nc6 7. cxd5 Bb4 8. dxc6
Qxd1+ 9. Kxd1 bxc6 10. e5 Nd5 11. Nxd5 cxd5 12. c4 Bb7 13. cxd5 exd5 14. Bd2
Bc5 15. f4 O-O 16. Rc1 Bd4 17. Kc2 Rac8+ 18. Kb1 Bb6 19. Rxc8 Rxc8 20. Ne2 Ba6
21. Rc1 Bd3+ 22. Ka1 Rc5 23. Rxc5 Bxc5 24. Nc1 Bf5 25. Bxd5 Bg1 26. h4 Bf2 27.
Ne2 Bd3 28. Bf3 f6 29. e6 Bb5 30. Bb4 h6 31. e7 g5 32. hxg5 hxg5 33. fxg5 fxg5
34. Bh5 g4 35. e8=Q+ {...} 1-0

[Event "Kadetska liga - dekleta"]
[Site "Nova Gorica"]
[Date "2019.05.25"]
[Round "2"]
[White "Kuhar, Larisa"]
[Black "Pajek, Tjasa"]
[Result "1-0"]
[WhiteElo "1930"]
[BlackElo "1453"]
[PlyCount "73"]
[EventDate "2019.05.25"]

1. e4 e5 2. Nf3 Nc6 3. Bb5 d6 4. O-O Nf6 5. d4 exd4 6. Nxd4 Bd7 7. Nc3 Be7 8.
f4 Nxd4 9. Qxd4 Bxb5 10. Nxb5 a6 11. Nc3 O-O 12. h3 Qd7 13. Be3 Rfe8 14. Qd3
Rad8 15. Rad1 Qc6 16. Bd4 d5 17. e5 Ne4 18. Qe3 Nxc3 19. bxc3 b6 20. f5 f6 21.
Qg3 Bc5 22. exf6 Bxd4+ 23. cxd4 Qxf6 24. Qxc7 Rc8 25. Qb7 Qd6 26. Qxa6 Rxc2 27.
Rfe1 Rf8 28. Re5 Qc6 29. Re6 Qc3 30. Qb5 Rd8 31. Re8+ Kf7 32. Rxd8 Qe3+ 33. Kh1
Qf2 34. Qxd5+ Kf6 35. Rf8+ Kg5 36. f6+ Kg6 37. fxg7 1-0

[Event "Kadetska liga - dekleta"]
[Site "Nova Gorica"]
[Date "2019.05.25"]
[Round "2"]
[White "Bizjak, Alja"]
[Black "Ruzic, Pia Marie"]
[Result "0-1"]
[WhiteElo "1151"]
[BlackElo "1959"]
[PlyCount "104"]
[EventDate "2019.05.25"]

1. e4 e6 2. Nc3 d5 3. exd5 exd5 4. Nf3 Bg4 5. h3 Bh5 6. Be2 Nf6 7. O-O Be7 8.
Nh4 Bxe2 9. Qxe2 O-O 10. Nf5 Re8 11. Nxe7+ Rxe7 12. Qd1 d4 13. Ne2 c5 14. d3 h6
15. Re1 Nc6 16. Bd2 Qb6 17. b3 Rae8 18. Nf4 Nb4 19. Rxe7 Rxe7 20. a3 Nbd5 21.
Nxd5 Nxd5 22. Qf1 Qd6 23. Re1 f5 24. Rxe7 Qxe7 25. g3 Kf7 26. f3 g5 27. f4 Ne3
28. Bxe3 Qxe3+ 29. Kg2 Kg6 30. Qf2 Qc1 31. a4 Qd1 32. fxg5 hxg5 33. Kh2 Qc1 34.
Kg2 b6 35. Kh2 Qe3 36. Kg2 f4 37. Qf3 Qxf3+ 38. Kxf3 fxg3 39. Kxg3 Kh5 40. Kg2
Kh4 41. Kh2 g4 42. hxg4 Kxg4 43. Kg2 a6 44. Kf2 Kf4 45. Ke2 Kg3 46. Kd2 Kf2 47.
c3 a5 48. Kc2 Ke2 49. Kb2 Kxd3 50. cxd4 cxd4 51. Ka3 Kc3 52. Ka2 d3 0-1

[Event "Kadetska liga - dekleta"]
[Site "Nova Gorica"]
[Date "2019.05.25"]
[Round "2"]
[White "Lukac, Alina"]
[Black "Vicic, Spelca"]
[Result "1-0"]
[WhiteElo "1335"]
[BlackElo "1422"]
[PlyCount "33"]
[EventDate "2019.05.25"]

1. e4 e5 2. Nf3 Nc6 3. d4 exd4 4. Nxd4 Nxd4 5. Qxd4 Nf6 6. e5 Nh5 7. g4 b6 8.
Bg2 Qh4 9. Bxa8 Bc5 10. Qd2 Bxf2+ 11. Qxf2 Qxf2+ 12. Kxf2 O-O 13. gxh5 Re8 14.
Re1 d6 15. exd6 Rd8 16. dxc7 Rd6 17. Re8# 1-0

[Event "Kadetska liga - dekleta"]
[Site "Nova Gorica"]
[Date "2019.05.25"]
[Round "2"]
[White "Grilanc, Luna"]
[Black "Lukac, Ema"]
[Result "0-1"]
[WhiteElo "1349"]
[BlackElo "1084"]
[PlyCount "58"]
[EventDate "2019.05.25"]

1. d4 d5 2. Nf3 e6 3. Nc3 Nf6 4. e3 Be7 5. Be2 O-O 6. O-O b6 7. Bd2 Bb7 8. Bd3
Nbd7 9. e4 dxe4 10. Nxe4 Bxe4 11. Bxe4 Nxe4 12. Bf4 Bg5 13. Re1 Bxf4 14. Rxe4
Qf6 15. c3 Rfd8 16. g3 Bg5 17. Rc1 Bxc1 18. Qxc1 Qxf3 19. Re3 Qf6 20. Re4 e5
21. h3 exd4 22. cxd4 c5 23. d5 Re8 24. Rg4 Ne5 25. Rf4 Qh6 26. a3 Qxh3 27. Qc3
Ng4 28. Qd3 Re1+ 29. Qf1 Rxf1# 0-1

[Event "Kadetska liga - fantje"]
[Site "Nova Gorica"]
[Date "2019.05.25"]
[Round "2"]
[White "Mohar, Martin"]
[Black "Brilej, Jaka"]
[Result "0-1"]
[WhiteElo "1673"]
[BlackElo "2050"]
[PlyCount "82"]
[EventDate "2019.05.25"]

1. d4 f5 2. Nf3 Nf6 3. g3 g6 4. Bg2 Bg7 5. O-O O-O 6. b3 d6 7. Bb2 c6 8. Nbd2
Na6 9. c4 Rb8 10. Ne1 Bd7 11. Nd3 Nc7 12. Qc2 Qe8 13. f3 g5 14. e4 fxe4 15.
Nxe4 Qg6 16. Qd2 Bf5 17. Nef2 Rbe8 18. Rae1 h5 19. Re3 a6 20. Rfe1 Rf7 21. Qa5
Na8 22. R1e2 Bh6 23. Ba3 Kf8 24. Ne1 Bg7 25. Kh1 Nd7 26. Bb2 c5 27. g4 cxd4 28.
gxf5 Rxf5 29. Qxf5+ Qxf5 30. Bh3 Qh7 31. Rd3 Nc5 32. Rdd2 e5 33. Ne4 Nxe4 34.
Rxe4 Nc7 35. Ba3 Qh6 36. Rde2 Kg8 37. Nd3 Bf8 38. Rg2 d5 39. Bxf8 Rxf8 40. Rxe5
g4 41. Rg1 dxc4 0-1

[Event "Kadetska liga - fantje"]
[Site "Nova Gorica"]
[Date "2019.05.25"]
[Round "2"]
[White "Nareks, Matic"]
[Black "Cigut, Matjaz"]
[Result "1-0"]
[WhiteElo "1952"]
[BlackElo "1132"]
[PlyCount "83"]
[EventDate "2019.05.25"]

1. e4 c5 2. Nf3 d6 3. d4 cxd4 4. Nxd4 Nf6 5. Nc3 e6 6. Be2 Be7 7. O-O O-O 8.
Be3 Qc7 9. Ndb5 Qd7 10. Nxa7 Nc6 11. Nab5 Ne5 12. f4 Nc6 13. Qd2 Ne8 14. Rfd1
Qd8 15. Na3 Bd7 16. Nc4 Qb8 17. a4 Nb4 18. Nb6 Bc6 19. Nxa8 Qxa8 20. Bb5 Qb8
21. Na2 Nxa2 22. Bxc6 bxc6 23. Rxa2 Nc7 24. Qa5 c5 25. Rd3 Qb7 26. Rb3 Qc6 27.
Qb6 Qd7 28. c4 Ra8 29. a5 Na6 30. Qb7 Qd8 31. Rb6 Nb4 32. Ra4 Qe8 33. b3 Qd8
34. a6 d5 35. a7 Bd6 36. Rxd6 Qxd6 37. Qxa8+ Qf8 38. Qxf8+ Kxf8 39. a8=Q+ Ke7
40. Bxc5+ Kf6 41. Qd8+ Kg6 42. Qg5# 1-0

[Event "Kadetska liga - fantje"]
[Site "Nova Gorica"]
[Date "2019.05.25"]
[Round "2"]
[White "Skof, Samo"]
[Black "Stern, Urban"]
[Result "0-1"]
[WhiteElo "1418"]
[BlackElo "1765"]
[PlyCount "36"]
[EventDate "2019.05.25"]

1. e4 c5 2. Nf3 Nc6 3. d4 cxd4 4. Nxd4 Qb6 5. Be3 Qxb2 6. Nd2 Nxd4 7. Bxd4 Qxd4
8. Rc1 e6 9. c3 Qf6 10. Bc4 Bc5 11. O-O Ne7 12. Nb3 Bb6 13. Rc2 O-O 14. Re1 Ng6
15. Bb5 a6 16. Bxd7 Rd8 17. Rd2 Bxd7 18. Rxd7 Bxf2+ 0-1

[Event "Kadetska liga - fantje"]
[Site "Nova Gorica"]
[Date "2019.05.25"]
[Round "2"]
[White "Gregoric, Andraz"]
[Black "Acimovic, Sergej"]
[Result "1/2-1/2"]
[WhiteElo "1875"]
[BlackElo "2030"]
[PlyCount "103"]
[EventDate "2019.05.25"]

1. e4 c5 2. Nf3 Nc6 3. Bb5 e6 4. O-O Nge7 5. Re1 a6 6. Bf1 d5 7. exd5 Nxd5 8.
d4 Be7 9. c4 Nf6 10. dxc5 Bxc5 11. Nc3 O-O 12. Qxd8 Rxd8 13. Bg5 Bb4 14. Rac1
b6 15. a3 Bxc3 16. Rxc3 Rb8 17. Rd3 Rxd3 18. Bxd3 Bb7 19. Bc2 Rd8 20. Rd1 Rxd1+
21. Bxd1 b5 22. cxb5 axb5 23. Be3 Nd5 24. Bc5 Na5 25. Nd2 Nf4 26. Bb6 Nc4 27.
Nxc4 bxc4 28. f3 Ba6 29. Bd4 f6 30. Bc3 Nd5 31. Kf2 Nxc3 32. bxc3 e5 33. Ke3
Kf7 34. f4 Ke6 35. Bf3 Bb5 36. Bd1 Bc6 37. g3 Kd6 38. fxe5+ fxe5 39. Bf3 Bd7
40. g4 g5 41. h3 Ba4 42. Be4 h6 43. Bb7 Bc2 44. Be4 Bb3 45. Bb1 Kd5 46. Bf5 Bd1
47. Bd7 Bc2 48. Bf5 Ba4 49. Bg6 Ke6 50. Be4 Bb5 51. Bb7 Kd6 52. Ke4 1/2-1/2

[Event "Kadetska liga - fantje"]
[Site "Nova Gorica"]
[Date "2019.05.25"]
[Round "2"]
[White "Jalovec, Igor"]
[Black "Herega, Nejc"]
[Result "0-1"]
[WhiteElo "1424"]
[BlackElo "1869"]
[PlyCount "96"]
[EventDate "2019.05.25"]

1. e4 e5 2. Nf3 Nf6 3. d4 exd4 4. e5 Ne4 5. Qxd4 d5 6. exd6 Nxd6 7. Be2 Nc6 8.
Qf4 Be7 9. O-O Bf5 10. c3 Qd7 11. Be3 O-O 12. Nbd2 Rad8 13. Nd4 Nxd4 14. Bxd4
Rfe8 15. Nc4 c5 16. Bxc5 Nxc4 17. Bxe7 Rxe7 18. Bxc4 Re4 19. Bxf7+ Qxf7 20. Qg5
Qf6 21. Qg3 Qd6 22. Qf3 Qf4 23. Qxf4 Rxf4 24. Rad1 Rd7 25. f3 Rc4 26. Kf2 Rcc7
27. Rfe1 Rxd1 28. Rxd1 Rd7 29. Rxd7 Bxd7 30. Ke3 Kf7 31. b4 Ke6 32. c4 Ke5 33.
g3 g5 34. a3 a6 35. f4+ gxf4+ 36. gxf4+ Kf5 37. Kd4 Kxf4 38. Kc5 Bc6 39. b5
axb5 40. cxb5 Bg2 41. a4 h5 42. a5 h4 43. a6 bxa6 44. bxa6 Ke3 45. Kb6 h3 46.
Kc7 Kf2 47. a7 Kg1 48. a8=Q Bxa8 0-1

[Event "Kadetska liga - fantje"]
[Site "Nova Gorica"]
[Date "2019.5.25"]
[Round "2"]
[White "Kavcic, Bor"]
[Black "Grisin, Lia"]
[Result "*"]
[WhiteElo "1625"]
[BlackElo "1613"]
[PlyCount "1"]
[EventDate "2019.5.25"]

1. e4 e5 2. Nc3 Nf6 3. f4 exf4 4. e5 Qe7 5. Qe2 Ng8 6. Nf3 Nc6 7. d4 d6 8. Bxf4
Bf5 9. O-O-O O-O-O 10. a3 d5 11. Qd2 f6 12. Bd3 Qe6 13. h3 h5 14. Rde1 Bxd3 15.
Qxd3 f5 16. g3 g6 17. Ng5 Qe7 18. Rh2 Bh6 19. h4 Rd7 20. e6 Rd8 21. Nf7 Nf6 22.
Bxh6 Rh7 23. Nxd8 Nxd8 24. Bg5 Nxe6 25. Nxd5 Qf7 26. Nxf6 Rh8 27. Qc4 Nd8 28.
Qxf7 Nxf7 29. Rhe2 Nd6 30. Bf4 b6 31. Bxd6 cxd6 32. Re7 Kb8 33. Nd5 Rc8 34. Rg7
a5 35. Ree7 Rf8 36. Nxb6 Rf7 37. Rgxf7 d5 38. Rb7# 1-0

[Event "Kadetska liga - fantje"]
[Site "Nova Gorica"]
[Date "2019.05.25"]
[Round "2"]
[White "Zidar, Jernej"]
[Black "Lavrencic, Matic"]
[Result "*"]
[WhiteElo "1618"]
[BlackElo "1570"]
[PlyCount "24"]
[EventDate "2019.05.25"]

1. d4 Nf6 2. Nf3 e6 3. g3 b5 4. Bg2 d5 5. O-O Bb7 6. c3 Nbd7 7. a4 a6 8. Nbd2
Be7 9. Nb3 c6 10. e4 Nxe4 11. Nfd2 Nxd2 12. Qxd2 g5 {necitljivo} *

[Event "Kadetska liga - fantje"]
[Site "Nova Gorica"]
[Date "2019.05.25"]
[Round "2"]
[White "Marinc, Primoz"]
[Black "Perme, Martin"]
[Result "1/2-1/2"]
[WhiteElo "1426"]
[BlackElo "1416"]
[PlyCount "72"]
[EventDate "2019.05.25"]

1. d4 d5 2. c4 c6 3. Nf3 Bf5 4. Nc3 e6 5. Bf4 Bd6 6. Bxd6 Qxd6 7. e3 Nf6 8. c5
Qc7 9. Be2 Nbd7 10. O-O O-O 11. Nh4 Bg6 12. Nxg6 hxg6 13. b4 e5 14. a4 e4 15.
b5 Rfc8 16. a5 b6 17. bxc6 Qxc6 18. Bb5 Qc7 19. axb6 axb6 20. Rxa8 Rxa8 21.
Bxd7 Qxd7 22. cxb6 Qc6 23. Qb3 Nd7 24. Nxd5 Kh8 25. Rb1 Nxb6 26. Nxb6 Rb8 27.
h3 Kh7 28. Rb2 Qc1+ 29. Kh2 Qc7+ 30. g3 Qc1 31. Rb1 Qd2 32. Qb2 Qa5 33. Qa1 Qf5
34. Rb2 Rxb6 35. Rxb6 Qxf2+ 36. Kh1 Qf3+ 1/2-1/2

[Event "Kadetska liga - fantje"]
[Site "Nova Gorica"]
[Date "2019.05.25"]
[Round "2"]
[White "Cimperman, Teo"]
[Black "Despotovic, Pavle"]
[Result "1-0"]
[WhiteElo "1275"]
[BlackElo "1073"]
[PlyCount "121"]
[EventDate "2019.05.25"]

1. e4 c5 2. Nf3 d6 3. d4 cxd4 4. Nxd4 Nf6 5. Nc3 e6 6. Bc4 Bd7 7. Be3 Be7 8.
Qd2 Nc6 9. f3 Nxd4 10. Bxd4 a6 11. Bxf6 gxf6 12. Bb3 Rg8 13. O-O Qb6+ 14. Kh1
Rg6 15. Na4 Qc7 16. Rae1 Bxa4 17. Bxa4+ b5 18. Bb3 Kd7 19. f4 Rag8 20. Rf2 h5
21. f5 Rg5 22. e5 fxe5 23. Rxe5 d5 24. fxe6+ fxe6 25. Rxg5 Rxg5 26. Rf7 Re5 27.
h3 Ke8 28. Rf1 Qd6 29. c3 Rg5 30. a4 Bd8 31. Rf2 Bc7 32. g4 Bd8 33. axb5 axb5
34. Qe2 Qc6 35. Qf3 Be7 36. gxh5 Qd6 37. h6 Qe5 38. h7 Qe1+ 39. Rf1 Qe5 40. Bc2
Kd7 41. Bd3 Rg3 42. Bxb5+ Kd6 43. h8=Q Qxh8 44. Qxg3+ e5 45. Qg6+ Kc7 46. Qc6+
Kb8 47. Qe8+ Qxe8 48. Bxe8 Kc7 49. b4 Kd8 50. Bc6 Kc7 51. Bxd5 Kd6 52. Be4 Bg5
53. c4 Bf4 54. c5+ Kc7 55. b5 Kb8 56. b6 Kc8 57. Rd1 Bg5 58. c6 Bh4 59. Bf5+
Kb8 60. Rg1 Bf2 61. Rg8# 1-0

[Event "Kadetska liga - fantje"]
[Site "Nova Gorica"]
[Date "2019.05.25"]
[Round "2"]
[White "Skrbec, Leon"]
[Black "Gabrscek, Nejc"]
[Result "1-0"]
[WhiteElo "1884"]
[BlackElo "1138"]
[PlyCount "71"]
[EventDate "2019.05.25"]

1. d4 d5 2. c4 dxc4 3. e3 Nf6 4. Bxc4 Bf5 5. Nc3 Nc6 6. Nf3 e6 7. O-O Bb4 8.
Qb3 O-O 9. Bb5 Bxc3 10. bxc3 Qd5 11. Ba3 Qxb3 12. axb3 Rfd8 13. Bxc6 bxc6 14.
Ne5 Be4 15. f3 Bd5 16. c4 Bxc4 17. bxc4 Re8 18. Nxc6 Nd7 19. Bb4 Nb6 20. Rfc1
h6 21. Nxa7 e5 22. d5 Kh7 23. e4 Kg6 24. c5 Nc8 25. Nb5 Rxa1 26. Rxa1 Re7 27.
c6 Re8 28. Nxc7 Rd8 29. Ra8 Rh8 30. d6 Nxd6 31. Rxh8 Nc4 32. Nd5 f5 33. c7 fxe4
34. c8=Q e3 35. Qe6+ Kg5 36. Qg4# 1-0

[Event "Kadetska liga - fantje"]
[Site "Nova Gorica"]
[Date "2019.05.25"]
[Round "2"]
[White "Berlot, Tian"]
[Black "Vicic, Maks"]
[Result "0-1"]
[WhiteElo "1560"]
[BlackElo "1314"]
[PlyCount "104"]
[EventDate "2019.05.25"]

1. e4 c5 2. Bc4 d6 3. d4 cxd4 4. Qxd4 Nc6 5. Qe3 Nf6 6. Qf4 Nd4 7. Bb3 g6 8.
Ba4+ b5 9. Bb3 Bb7 10. Nc3 a5 11. Nf3 Nxb3 12. axb3 b4 13. Nd5 Bxd5 14. exd5
Nxd5 15. Qd4 Nf6 16. O-O Bg7 17. Qc4 O-O 18. Bg5 d5 19. Qd4 Ne4 20. Qd3 Nxg5
21. Nxg5 Bxb2 22. Rae1 Bf6 23. Qg3 e5 24. Nf3 e4 25. Ne5 Qc7 26. Ng4 Bd8 27.
Nh6+ Kg7 28. Qxc7 Bxc7 29. Ng4 f5 30. Ne3 Rad8 31. g3 d4 32. Nd1 d3 33. cxd3
Rxd3 34. Nb2 Rxb3 35. Rc1 Be5 36. Nc4 Bc7 37. Nd2 Rc3 38. Rxc3 bxc3 39. Nb3 a4
40. Nc1 Ra8 41. Re1 a3 42. Re2 Rb8 43. Rc2 Be5 44. f4 exf3 45. Nd3 Bd4+ 46. Kf1
Rb1+ 47. Rc1 Rxc1+ 48. Nxc1 c2 49. Ke1 Bb2 50. Nd3 a2 51. Nxb2 a1=Q+ 52. Kd2
c1=Q+ 0-1

[Event "Kadetska liga - fantje"]
[Site "Nova Gorica"]
[Date "2019.05.25"]
[Round "2"]
[White "Olenik Campa, Rudi"]
[Black "Macek, Inti"]
[Result "1-0"]
[WhiteElo "1847"]
[BlackElo "1083"]
[PlyCount "79"]
[EventDate "2019.05.25"]

1. e4 e5 2. Nf3 Nc6 3. Bb5 a6 4. Ba4 Nf6 5. d3 h6 6. c3 Bc5 7. O-O O-O 8. Bxc6
dxc6 9. Nxe5 Re8 10. Nc4 Bg4 11. Qc2 b5 12. Ne3 Bb6 13. Nxg4 Nxg4 14. h3 Nxf2
15. Rxf2 Qf6 16. d4 Qh4 17. Rf4 Qg3 18. Qf2 Qg6 19. Rg4 Qe6 20. Qg3 Qf6 21. Qf4
Qe7 22. Qxh6 Qf8 23. Qxc6 Re6 24. Qd5 g6 25. Bh6 Qe8 26. Nd2 Rc8 27. Rf1 c5 28.
Nf3 c4 29. Qg5 Bd8 30. Qd2 Bf6 31. e5 Bh8 32. Ng5 Rec6 33. Nxf7 R8c7 34. Nd6
Qd7 35. Rf8+ Kh7 36. Qg5 Qe8 37. Nxe8 Rg7 38. Bxg7 Bxg7 39. Rh4+ Bh6 40. Qxh6#
1-0

[Event "Kadetska liga - fantje"]
[Site "Nova Gorica"]
[Date "2019.05.25"]
[Round "2"]
[White "Perme, Stanko"]
[Black "Hiti, Erik"]
[Result "0-1"]
[WhiteElo "1582"]
[BlackElo "1559"]
[PlyCount "42"]
[EventDate "2019.05.25"]

1. e4 d6 2. Nc3 Nf6 3. Bc4 g6 4. d4 Bg7 5. Bg5 O-O 6. Qd2 Nc6 7. d5 Ne5 8. Bb3
Ned7 9. O-O-O c5 10. dxc6 bxc6 11. Kb1 Qa5 12. a3 Nc5 13. f3 Rb8 14. Ka2 Nxb3
15. cxb3 Be6 16. Kb1 Rxb3 17. Ka1 Rfb8 18. Rb1 Nxe4 19. fxe4 Rxa3+ 20. bxa3
Qxa3+ 21. Qa2 Qxa2# 0-1

[Event "Kadetska liga - fantje"]
[Site "Nova Gorica"]
[Date "2019.05.25"]
[Round "2"]
[White "Bizjak, Anej"]
[Black "Robic, Ziga"]
[Result "1-0"]
[WhiteElo "1617"]
[BlackElo "1762"]
[PlyCount "103"]
[EventDate "2019.05.25"]

1. Nf3 Nc6 2. e3 e5 3. d4 d6 4. dxe5 dxe5 5. Qxd8+ Kxd8 6. Ng5 Nh6 7. Bc4 Ke8
8. O-O f6 9. Nf3 Bd7 10. b3 Bd6 11. Ba3 Nb4 12. Rc1 e4 13. Nfd2 f5 14. c3 Nc6
15. Bxd6 cxd6 16. b4 Nf7 17. f3 Nfe5 18. Bd5 exf3 19. Nxf3 Nxf3+ 20. gxf3 Rc8
21. Nd2 a5 22. Nc4 Ke7 23. bxa5 Ra8 24. Rab1 Nxa5 25. Nb6 Ra6 26. Nxd7 Kxd7 27.
Bxb7 Ra7 28. Bd5 Rc7 29. c4 Rhc8 30. Rb4 Rc5 31. Rcb1 Nxc4 32. Bxc4 Rxc4 33.
Rxc4 Rxc4 34. Rb7+ Rc7 35. Rxc7+ Kxc7 36. h4 Kc6 37. Kf2 Kd5 38. Kg3 Ke5 39. h5
g5 40. hxg6 hxg6 41. a4 Kd5 42. Kf4 Kc4 43. Kg5 Kb4 44. Kxg6 Kxa4 45. Kxf5 Kb5
46. Ke6 Kc6 47. f4 d5 48. f5 Kc5 49. f6 d4 50. exd4+ Kxd4 51. f7 Kd3 52. f8=Q
1-0

[Event "Kadetska liga - fantje"]
[Site "Nova Gorica"]
[Date "2019.05.25"]
[Round "2"]
[White "Skantar, Nejc"]
[Black "Kobe, Jure"]
[Result "0-1"]
[WhiteElo "1480"]
[BlackElo "1426"]
[PlyCount "128"]
[EventDate "2019.05.25"]

1. e4 e5 2. Nc3 Nc6 3. Bc4 Bc5 4. d3 h6 5. Be3 Bb6 6. Nf3 d6 7. O-O Bg4 8. h3
Bh5 9. g4 Bg6 10. Qd2 Nf6 11. Nd5 Na5 12. b3 Nxc4 13. bxc4 O-O 14. Rab1 Nxd5
15. cxd5 h5 16. Bg5 f6 17. Be3 Kf7 18. Kg2 Rh8 19. Rh1 Qd7 20. g5 f5 21. Qb4 f4
22. Bd2 h4 23. Qb5 Qe7 24. Ba5 Bh5 25. Rhg1 Bxf3+ 26. Kxf3 g6 27. Bc3 Rh5 28.
Rg2 Rxg5 29. Rxg5 Qxg5 30. Qd7+ Qe7 31. Qxe7+ Kxe7 32. Rg1 Kf6 33. Ke2 c6 34.
Kf3 cxd5 35. exd5 Rc8 36. Bb4 Rxc2 37. Rf1 Bc5 38. Bxc5 Rxc5 39. Ke4 Ra5 40. d4
exd4 41. Kxd4 Rxa2 42. f3 Ra4+ 43. Kc3 Ke5 44. Kb3 Rd4 45. Kc3 Rxd5 46. Re1+
Kf6 47. Kc4 Rc5+ 48. Kd4 a5 49. Rb1 b5 50. Ke4 g5 51. Rd1 Ke6 52. Ra1 d5+ 53.
Kd3 b4 54. Ra2 Kd6 55. Re2 a4 56. Rc2 Rxc2 57. Kxc2 b3+ 58. Kb2 d4 59. Ka3 d3
60. Kxa4 b2 61. Ka3 b1=Q 62. Ka4 Kc5 63. Ka3 Kc4 64. Ka4 Qb4# 0-1

[Event "Kadetska liga - fantje"]
[Site "Nova Gorica"]
[Date "2019.05.25"]
[Round "2"]
[White "Kastrevec, Andrej"]
[Black "Spiler, Sergej"]
[Result "1-0"]
[WhiteElo "1288"]
[BlackElo "1507"]
[PlyCount "103"]
[EventDate "2019.05.25"]

1. e4 e5 2. Nf3 Nc6 3. Bc4 Bc5 4. d3 Nf6 5. Nc3 d6 6. h3 Be6 7. Bb3 O-O 8. Bg5
Qe7 9. Nh2 Bb6 10. Bd5 Bd4 11. Bb3 Bxc3+ 12. bxc3 Bxb3 13. cxb3 Qe6 14. O-O Nh5
15. Qxh5 Qg6 16. Qxg6 fxg6 17. Be3 b6 18. f4 exf4 19. Rxf4 Rxf4 20. Bxf4 a5 21.
Re1 a4 22. Nf3 axb3 23. axb3 Ra3 24. Rb1 h6 25. h4 Ne5 26. Nxe5 dxe5 27. Bxe5
Kf7 28. Rb2 Ke6 29. Bxg7 Ra1+ 30. Kf2 Kf7 31. Bxh6 Ra5 32. g4 c5 33. Ke3 b5 34.
Rf2+ Kg8 35. Bf8 Ra3 36. Bxc5 Rxb3 37. Bb4 g5 38. h5 Kg7 39. Rf5 Rb2 40. Rxb5
Ra2 41. Rxg5+ Kh8 42. d4 Ra4 43. e5 Kh7 44. e6 Ra8 45. e7 Re8 46. Rd5 Ra8 47.
Rd8 Rxd8 48. exd8=Q Kg7 49. Qd6 Kh7 50. h6 Kh8 51. Qe7 Kg8 52. Qg7# 1-0

[Event "Kadetska liga - fantje"]
[Site "Nova Gorica"]
[Date "2019.05.25"]
[Round "2"]
[White "Tesic, Boris"]
[Black "Strazisnik, Enej"]
[Result "0-1"]
[WhiteElo "1394"]
[BlackElo "1183"]
[PlyCount "76"]
[EventDate "2019.05.25"]

1. e4 c6 2. Nc3 d5 3. exd5 cxd5 4. Bb5+ Bd7 5. Bxd7+ Qxd7 6. d4 Nf6 7. Nf3 Nc6
8. Ne5 Qc7 9. Qf3 Nxe5 10. dxe5 Qxe5+ 11. Be3 d4 12. O-O-O O-O-O 13. Bf4 Qa5
14. Bd2 dxc3 15. Bxc3 Rxd1+ 16. Rxd1 Qc7 17. Re1 g5 18. Be5 Qc6 19. Qd3 Rg8 20.
Rd1 Qd7 21. Qd4 Qe8 22. Qc3+ Qc6 23. Qg3 Nd5 24. Qg4+ e6 25. b3 Nb4 26. Rd2
Nxa2+ 27. Kb1 Nc3+ 28. Kb2 Nd5 29. c4 Nb6 30. Rd6 Bxd6 31. Bf6 Bf8 32. Qh5 Bg7
33. Qxh7 Bxf6+ 34. Kc1 Rd8 35. Qxf7 Be5 36. Kc2 Qe4+ 37. Kc1 Bf4+ 38. Qxf4
Qxf4+ 0-1

[Event "Kadetska liga - fantje"]
[Site "Nova Gorica"]
[Date "2019.05.25"]
[Round "2"]
[White "Vaupot, Eliza"]
[Black "Pertovt, Crt"]
[Result "1-0"]
[WhiteElo "1260"]
[BlackElo "1060"]
[PlyCount "39"]
[EventDate "2019.05.25"]

1. e4 Nf6 2. Nc3 c6 3. d4 d5 4. e5 Bg4 5. f3 Bh5 6. exf6 exf6 7. Bd3 Be7 8.
Nge2 O-O 9. O-O Na6 10. Ng3 Bg6 11. Qe2 Bxd3 12. Qxd3 Qe8 13. Re1 Rd8 14. Nf5
Rd7 15. Qe2 Bd6 16. Qxe8 Rxe8 17. Rxe8+ Bf8 18. Nh6+ gxh6 19. Bxh6 Re7 20.
Rxf8# 1-0

[Event "Kadetska liga - fantje"]
[Site "Nova Gorica"]
[Date "2019.5.25"]
[Round "2"]
[White "Hazdovac, Jaka"]
[Black "Skrt, Matija"]
[Result "*"]
[WhiteElo "1633"]
[BlackElo "1244"]
[PlyCount "1"]
[EventDate "2019.5.25"]

1. e4 e5 2. Nf3 Nf6 3. Bc4 Nxe4 4. Nxe5 d5 5. Qe2 c6 6. Bd3 Qg5 7. Nf3 Qe7 8.
O-O Nc5 9. Re1 Qxe2 10. Rxe2+ Be7 11. b3 Nxd3 12. cxd3 Kd8 13. Ne5 Be6 14. Ba3
Bxa3 15. Nxa3 Nd7 16. Rae1 Nxe5 17. Rxe5 Re8 18. Nc2 Kc7 19. Nd4 Bd7 20. h3
Rxe5 21. Rxe5 Re8 22. Rxe8 Bxe8 23. Nf5 g6 24. Nd4 Kd6 25. b4 b6 26. Kf1 c5 27.
bxc5+ Kxc5 28. Nb3+ Kb4 29. Nd4 Ka3 30. g4 Kxa2 31. f4 Kb2 32. Ke2 a5 33. h4 a4
34. Kd1 a3 35. Nc2 Ba4 36. f5 Bxc2+ 37. Ke2 a2 38. fxg6 fxg6 39. h5 g5 0-1

[Event "Kadetska liga - fantje"]
[Site "Nova Gorica"]
[Date "2019.5.25"]
[Round "2"]
[White "Lapajne Melink, Jakob"]
[Black "Ferfole, Ziga"]
[Result "*"]
[WhiteElo "1646"]
[BlackElo "1717"]
[PlyCount "1"]
[EventDate "2019.5.25"]

1. e4 e5 2. Nf3 Nc6 3. Bc4 Bc5 4. c3 d6 5. d4 Bb6 6. Bg5 f6 7. Be3 Nge7 8. O-O
d5 9. exd5 Nxd5 10. Bxd5 Qxd5 11. dxe5 Qxd1 12. Rxd1 Nxe5 13. Nxe5 fxe5 14.
Bxb6 axb6 15. b4 O-O 16. Nd2 Ra3 17. Nc4 Rxc3 18. Nxe5 Rc2 19. f3 Rb2 20. Rdb1
Rxb1+ 21. Rxb1 Be6 22. a3 Ra8 23. Rc1 c6 24. Ra1 b5 25. Re1 Bd5 26. Ra1 h6 27.
Nd3 b6 28. Nb2 Rf8 29. a4 bxa4 30. Rxa4 b5 31. Ra1 Rf6 32. Nd3 Rg6 33. Kf2 Re6
34. Nf4 Re5 35. Nxd5 Rxd5 36. g4 Rd2+ 37. Kg3 Rb2 38. Rc1 Rxb4 39. Rxc6 Rb1 40.
h4 b4 41. Rb6 b3 42. Kf4 b2 43. g5 hxg5+ 44. hxg5 Kh7 45. Kf5 Kg8 46. f4 Kh7
47. g6+ Kh6 48. Rb7 Rg1 49. Rxb2 Rxg6 50. Rh2# 1-0

[Event "Kadetska liga - fantje"]
[Site "Nova Gorica"]
[Date "2019.05.25"]
[Round "2"]
[White "Anzelj, Tim"]
[Black "Trojar, Val"]
[Result "0-1"]
[WhiteElo "1539"]
[BlackElo "1000"]
[PlyCount "29"]
[EventDate "2019.05.25"]

1. e3 d5 2. d3 e6 3. Nd2 Bb4 4. Ne2 Nf6 5. c3 Ba5 6. g3 Nc6 7. Bg2 O-O 8. Nf4
Ne5 9. O-O Bd7 10. c4 Bc6 11. c5 Qd7 12. b3 b6 13. cxb6 axb6 14. Bb2 Qd6 15.
Bc3 {necitljivo} 0-1